Indian Cities A-Z - Statistics

General Stats
  • This quiz has been taken 161 times
  • The average score is 14 of 23
Answer Stats
Hint City % Correct
A Taj Mahal locale Agra
98%
C Formerly called "Madras" Chennai
97%
M Bollywood Mumbai
92%
B India's tech capital Bengaluru
88%
H Namesake of a Pakistani metropolis Hyderabad
80%
L Where a Lakhnawi is from Lucknow
75%
V Holiest in Hinduism Varanasi
71%
I Largest city in Madhya Pradesh Indore
70%
D Noted for its tea industry Darjeeling
63%
K This port city of Kerala was animportant spice trading center Kochi
62%
R Capital of Chhattisgarh Raipur
57%
G Capital of Gujarat Gandhinagar
53%
J Style of horse-riding pants Jodhpur
52%
U Rajasthan's "City of Lakes" Udaipur
51%
P Owned by France until 1962 Pondicherry
50%
F Most populous city in Haryana Faridabad
49%
N Home of the Zero Mile Stone Nagpur
48%
T Southernmost state capital Thiruvananthapuram
46%
S Namesake of a witch trail city Salem
45%
Y Haryana city that lies on and has a major's river's name in it {Yamuna}nagar
38%
E Sounds similar to an Australian rock Eluru
30%
W Second-largest city in Telangana Warangal
30%
O "Abad" with namesake of an Ottoman sultan {Osman}abad
27%
No matching quizzes found
Score Distribution
Percent of People with Each Score
Percentile by Number Answered
Your Score History
You have not taken this quiz